| 000 | 01699cam a22002535a 4500 | ||
|---|---|---|---|
| 001 | L158575 | ||
| 008 | 110525s2010 xxk f 001 0 eng d | ||
| 020 | _a9781859465066 | ||
| 035 | _a(Sirsi) u158575 | ||
| 041 | 0 | _aeng | |
| 050 | 0 | 4 | _a692.8 $2 18 |
| 100 | 1 | _aEvans, Huw | |
| 245 | 0 | 0 | _aGuide to building regulations |
| 250 | _a2nd ed. | ||
| 260 |
_aLondon _RIBA _c20104. |
||
| 300 | _avii. illus.424pg. $2 8cm. | ||
| 505 | 2 | _aIntroduction to the building regulations -- Structure -- Fire safety -- Site preparation and resistance to contaminants and moisture -- Toxic substances -- Resistance to the passage of sound -- Ventilation -- Sanitation, hot water safety and water efficiency -- Drainage and waste disposal -- Combustion appliances and fuel storage systems -- Protections from failing, collsion and impact -- Conservation of fuel and power -- Access to and use of buildings -- Glazing- safety in relation to impact, opening and cleaning -- Electrical safety. | |
| 520 | _aA guide that summarises the essential information from the Approved Documents and pendant documents to save time.Fully up-to-date with the major amendments to the 2010 regulations (Parts F, G, J and L), advice is also given where guidance and standards referenced in the Approved Documents have been revised but the Approved Document itself has not yet been updated. Structured by ?Part? of the Building Regulations and organised around key compliance issues, the guidance has been weighted to prioritise problematic issues, such as Part L. | ||
| 521 | _aAdvanced | ||
| 650 | 2 | 4 | _aBUILDING REGULATIONS 2000 |
| 651 | 4 |
_aEngland and Wales _y1543- |
|
| 690 |
_aBuilding regulations _96224 |
||
| 942 | _n0 | ||
| 999 |
_c115393 _d115393 |
||